Every Serie A Top Goal Scorer since 1981 - Statistics

General Stats
  • This quiz has been taken 120 times
  • The average score is 31 of 44
Answer Stats
Season Answer Goals Nationality % Correct
20/21 Cristiano Ronaldo 29 Portuguese
100%
11/12 Zlatan Ibrahimović 28 Swedish
100%
08/09 Zlatan Ibrahimović 25 Swedish
100%
03/04 Andriy Shevchenko 24 Ukranian
98%
99/00 Andriy Shevchenko 24 Ukranian
98%
22/23 Victor Osimhen 26 Nigerian
97%
21/22 Ciro Immobile 27 Italian
96%
19/20 Ciro Immobile 36 Italian
96%
13/14 Ciro Immobile 22 Italian
96%
17/18 Mauro Icardi / Ciro Immobile 29 Argentinian / Italian
96%
16/17 Edin Dzeko 29 Bosnian
95%
15/16 Gonzalo Higuaín 36 Argentinian
95%
23/24 Lautaro Martínez 24 Argentinian
94%
07/08 Alessandro Del Piero 21 Italian
89%
06/07 Francesco Totti 26 Italian
89%
12/13 Edinson Cavani 29 Uruguayan
87%
14/15 Luca Toni / Mauro Icardi 22 Italian / Argentinian
84%
91/92 Marco van Basten 25 Dutch
83%
89/90 Marco van Basten 19 Dutch
83%
84/85 Michel Platini 18 French
83%
83/84 Michel Platini 20 French
83%
82/83 Michel Platini 16 French
83%
96/97 Filippo Inzaghi 24 Italian
81%
01/02 David Trezeguet / Dario Hübner 24 French / Italian
78%
87/88 Diego Maradona 15 Argentinian
77%
94/95 Gabriel Batistuta 26 Argentinian
76%
00/01 Hernán Crespo 26 Argentinian
76%
05/06 Luca Toni 31 Italian
76%
02/03 Christian Vieri 24 Italian
74%
18/19 Fabio Quagliarella 26 Italian
73%
10/11 Antonio Di Natale 28 Italian
68%
09/10 Antonio Di Natale 29 Italian
68%
90/91 Gianluca Vialli 17 Italian
56%
97/98 Oliver Bierhoff 27 German
55%
95/96 Igor Protti / Giuseppe Signori 24 Italian / Italian
35%
93/94 Giuseppe Signori 23 Italian
34%
92/93 Giuseppe Signori 26 Italian
34%
04/05 Cristiano Lucarelli 24 Italian
30%
98/99 Márcio Amoroso 22 Brazilian
28%
88/89 Aldo Serena 22 Italian
24%
86/87 Pietro Paolo Virdis 17 Italian
14%
85/86 Roberto Pruzzo 19 Italian
14%
81/82 Roberto Pruzzo 15 Italian
14%
80/81 Roberto Pruzzo 18 Italian
14%
No matching quizzes found
Score Distribution
Percent of People with Each Score
Percentile by Number Answered
Your Score History
You have not taken this quiz